| 000 | 00924cab a2200277 4500 | ||
|---|---|---|---|
| 001 | ABS60780 | ||
| 008 | 090401t1999 xxu||||| |||| 00| 0 eng d | ||
| 035 | _a(Sirsi) u93915 | ||
| 041 | _aeng | ||
| 100 | _aBenyon, L. | ||
| 245 | _aWeighing up the net gains. | ||
| 260 | _c1999 | ||
| 350 | _a0 | ||
| 490 |
_aProperty Week _v64(23) 11 June 1999, 36-38(3) |
||
| 520 | _aAssesses the implications of e-commerce for property investors, in the light of one US REIT's investment in a electronic commerce company, and suggests ways in which property companies could use the internet to improve their service and efficiency. | ||
| 650 | _aE-COMMERCE | ||
| 650 | _aINTERNET | ||
| 650 | _aPROPERTY INVESTORS | ||
| 650 | _aREITS | ||
| 650 | _aRETAILING | ||
| 650 | _aSHOPPING MALLS | ||
| 690 | _aMANAGEMENT-BUSINESS MANAGEMENT-INFORMATION MANAGEMENT | ||
| 700 | _aJameson, A. | ||
| 942 | _n0 | ||
| 948 | _c15/06/1999 | ||
| 999 |
_c59517 _d59517 |
||